Svobodný čas : pedagogika volného času jako výchova ke svobodě

Saved in:
Bibliographic Details
Other Authors Svobodová, Zuzana, 1973- (Editor)
Format Book
LanguageCzech
Published Praha : Univerzita Karlova, nakladatelství Karolinum, 2023
EditionPrvní vydání
Subjects
ISBN978-80-246-5474-4
Physical Description186 stran ; 21 cm

Cover

LEADER 00000aam a2200000 i 4500
001 115459
003 CZ-ZlUTB
005 20260429082904.0
007 ta
008 230208s2023 xr f 001 0 cze d
015 |a cnb003498166 
020 |a 978-80-246-5474-4  |q (brožováno) 
040 |a KLG001  |b cze  |d ABA001  |d ZLD002  |e rda 
041 0 |a cze  |b cze  |b eng 
072 7 |a 37  |x Výchova a vzdělávání  |2 Konspekt  |9 22 
080 |a 379.8  |2 MRF 
080 |a 001.2  |2 MRF 
080 |a 123.1  |2 MRF 
080 |a 37  |2 MRF 
080 |a 37.013.73  |2 MRF 
080 |a (082)  |2 MRF 
245 0 0 |a Svobodný čas :  |b pedagogika volného času jako výchova ke svobodě /  |c Zuzana Svobodová (ed.) 
246 3 0 |a Pedagogika volného času jako výchova ke svobodě 
250 |a První vydání 
264 1 |a Praha :  |b Univerzita Karlova, nakladatelství Karolinum,  |c 2023 
300 |a 186 stran ;  |c 21 cm 
336 |a text  |b txt  |2 rdacontent 
337 |a bez média  |b n  |2 rdamedia 
338 |a svazek  |b nc  |2 rdacarrier 
504 |a Obsahuje bibliografii, bibliografické odkazy a rejstříky 
546 |a České a anglické resumé 
650 0 7 |a pedagogika volného času  |7 ph115704  |x mezioborový kontext  |2 czenas 
650 0 7 |a svoboda  |7 ph116345  |x pedagogické aspekty  |2 czenas 
650 0 7 |a filozofie výchovy  |7 ph120230  |2 czenas 
650 0 9 |a leisure education  |x interdisciplinary context  |2 eczenas 
650 0 9 |a liberty  |x educational aspects  |2 eczenas 
650 0 9 |a philosophy of education  |2 eczenas 
655 7 |a sborníky  |7 fd163935  |2 czenas 
655 9 |a miscellanea  |2 eczenas 
700 1 |a Svobodová, Zuzana,  |d 1973-  |7 xx0038691  |4 edt 
710 2 |a Nakladatelství Karolinum  |7 ko2003164638  |4 pbl 
910 |a ZLD002 
928 9 |a Karolinum 
942 |2 udc 
952 |0 0  |1 0  |4 0  |6 37SVOBODNÝ  |7 0  |8 BOOK  |9 190674  |a UTBZL  |b UTBZL  |c 019  |d 2026-04-08  |l 1  |o 37/SVOBODNÝ  |p 420010201937  |q 2027-04-21  |r 2026-04-21 11:13:20  |s 2026-04-21  |v 250.00  |w 2026-04-08  |x N:nákup  |y 08 
992 |a BK  |b SK 
999 |c 115459  |d 115459